Normal view MARC view
  • ARONS,B.ARNOLD

Entry Personal Name

Number of records used in: 1

001 - CONTROL NUMBER

  • control field: 134280

003 - CONTROL NUMBER IDENTIFIER

  • control field: NUST

005 - DATE AND TIME OF LATEST TRANSACTION

  • control field: 20260429110417.0

008 - FIXED-LENGTH DATA ELEMENTS

  • fixed length control field: 260429|| aca||aabn | a|a d

040 ## - CATALOGING SOURCE

  • Original cataloging agency: NUST
  • Transcribing agency: NUST

100 ## - HEADING--PERSONAL NAME

  • Personal name: ARONS,B.ARNOLD

670 ## - SOURCE DATA FOUND

  • Source citation: Work cat.: (NUST): ARONS,B.ARNOLD., A GUIDE TO INTRODUCTORY PHYSICS TEACHING /, 1990.
© 2023 Central Library, National University of Sciences and Technology. All Rights Reserved.